Guess the 2024 kdramas - Statistics

General Stats
  • This quiz has been taken 475 times
  • The average score is 8 of 15
Answer Stats
Picture Answer % Correct
Mr.Plankton
88%
Lovely runner
86%
Queen of tears
77%
Love next door
76%
When the phone rings
73%
Marry my husband
72%
Family by choice
67%
Doctor slump
63%
The judge from Hell
51%
The atypical family
45%
A shop for killers
35%
Brewing love
34%
Flex x cop
34%
The impossible heir
30%
Queen of divorce
13%
No matching quizzes found
Score Distribution
Percent of People with Each Score
Percentile by Number Answered
Your Score History
You have not taken this quiz